Činnosť družstevných organizácií na Slovensku a ich vplyv na rozvoj agrárneho hnutia
Družstevníctvo v rôznych etapách rozvoja hospodárstva na Slovensku. Ústredné družstvo. Vymedzenie poľnohospodárskeho družstva. Družstevné organzácie v agrárnom sektore a ich hlavné úlohy. Družstevné zväzy.
Gespeichert in:
| 1. Verfasser: | |
|---|---|
| Format: | Buchkapitel |
| Sprache: | Slowakisch |
| Schlagworte: | |
| Tags: |
Keine Tags, Fügen Sie das erste Tag hinzu!
|
MARC
| LEADER | 00000naa$a2200000$$$4500 | ||
|---|---|---|---|
| 001 | 0123204 | ||
| 005 | 20240521122041.8 | ||
| 041 | 0 | |a slo | |
| 044 | |a CZ | ||
| 245 | 1 | 0 | |a Činnosť družstevných organizácií na Slovensku a ich vplyv na rozvoj agrárneho hnutia |c Elena Šúbertová |
| 520 | |a Družstevníctvo v rôznych etapách rozvoja hospodárstva na Slovensku. Ústredné družstvo. Vymedzenie poľnohospodárskeho družstva. Družstevné organzácie v agrárnom sektore a ich hlavné úlohy. Družstevné zväzy. | ||
| 610 | 2 | 0 | |a poľnohospodárstvo |
| 610 | 2 | 0 | |a družstvá poľnohospodárske |
| 610 | 2 | 0 | |a vývoj |
| 610 | 2 | 0 | |a produkcia |
| 610 | 2 | 0 | |a produkty |
| 610 | 2 | 0 | |a potravinárstvo |
| 610 | 2 | 0 | |a Slovensko |
| 100 | 1 | |a Šúbertová, Elena | |